| 000 | 01255nam a22003617a 4500 | ||
|---|---|---|---|
| 001 | BR8005735 | ||
| 003 | BR-BrBNA | ||
| 005 | 20230928090748.0 | ||
| 007 | ta | ||
| 008 | 230509b bl.||||| |||| 00| 0 por d | ||
| 040 |
_aBR-BrBNA _bpor _cBiblioteca Nacional de Agricultura |
||
| 041 | _a(Por) | ||
| 072 |
_aE30; E10; E50 _b/G514 |
||
| 090 | _ E30 BR8005735 | ||
| 110 | 1 |
_aCentro de Treinamento em Desenvolvimento Economico, Fortaleza, CE (Brasil) _91678 |
|
| 245 | 1 |
_aAvaliacao do programa de desenvolvimento rural integrado da Serra da Ibiapaba [planejamento agricola, analise economica, Ceara, Brasil] _b6. Curso de Planejamento Regional do Desenvolvimento |
|
| 260 | 3 |
_aFortaleza, CE (Brasil): _c1980. |
|
| 300 | _a136 p. | ||
| 500 | _a26 illus.; 32 ref. (*) Documento disponível na(o) Centro de Treinamento em Desenvolvimento Economico, Fortaleza, CE (Brazil) | ||
| 650 | _aEXTENSAO RURAL | ||
| 650 | _aPLANEJAMENTO AGRICOLA | ||
| 650 | _aANALISE ECONOMICA | ||
| 650 | _aFINANCIAMENTO | ||
| 650 | _aCREDITO RURAL | ||
| 650 | _aARMAZENAMENTO | ||
| 650 | _aSANEAMENTO | ||
| 650 | _aSAUDE | ||
| 650 | _aSOCIOLOGIA RURAL | ||
| 650 | _aCOOPERATIVISMO | ||
| 650 | _aCEARA | ||
| 909 |
_a202309 _bLucia _c55 _dLucia Elande |
||
| 942 | _cBK | ||
| 999 |
_c30402 _d30402 |
||